College Quizbowl Stats
College Quizbowl Stats
Circuits
Seasons
Sets
Records
Detailed Stats
About
Loading...
2023 ARCADIA at UC Berkeley
Tossups
Bonuses
Players
Teams
Categories (Tossup)
Categories (Bonus)
Andy Durham
Stanford A
Categories
Category
Powers
Gets
Negs
BBs
Points
Earliest Buzz
Avg. Buzz
First Buzzes
Top 3 Buzzes
Current Events
1
0
0
0
15
52
52.00
1
1
Literature - British Literature
1
0
0
0
15
65
65.00
1
1
Fine Arts - Visual Fine Arts
0
0
1
0
-5
0.00
0
0
History - European History
0
0
1
0
-5
0.00
0
0
Buzzes
Category
Answer
Value
Buzz Position
Current Events
Disney
15
52
Literature - British Literature
The Waste Land
15
65
History - European History
cosmonauts
-5
70
Fine Arts - Visual Fine Arts
the night sky
-5
101
Previous
1
Next